| 000 | 00427nam a2200169Ia 4500 | ||
|---|---|---|---|
| 008 | 180424s9999 xx 000 0 und d | ||
| 084 | _a330.954 P3 | ||
| 100 | _a"Prasad, Chandra Shekhar" | ||
| 245 | 0 | _aEconomic Survey of India 1947-48 to 2008-09 | |
| 250 | _a\\200800ENGGPSX | ||
| 260 | _aNCBH | ||
| 260 | _b2008 | ||
| 260 | _cNew Delhi | ||
| 300 | _a727p. | ||
| 500 | _aincludes index and biblioraphy | ||
| 942 | _cBK | ||
| 999 |
_c82343 _d82343 |
||